|
|
|
|
| LEADER |
00000ny a22000003n 4500 |
| 005 |
20110615150058.0 |
| 008 |
100210s2010 sp 000 0 spa d |
| 017 |
|
|
|a D.LB 45883-2009
|
| 020 |
|
|
|a 9788476988909
|
| 035 |
|
|
|a 4940
|
| 040 |
|
|
|a BP-CO
|d vLex
|
| 080 |
|
|
|a 347.632:575.113
|
| 090 |
|
|
|c 735
|d 735
|
| 100 |
1 |
|
|a Romero Coloma, Aurelia Mara̕
|
| 245 |
1 |
0 |
|a Identidad genťica frente a intimidad y pruebas de paternidad
|h [Recurso electrn̤ico]
|c Aurelia Mara̕ Romero Coloma
|
| 256 |
|
|
|a Servicio en ln̕ea
|
| 260 |
|
|
|a Barcelona :
|b Bosch,
|c 2009
|
| 300 |
|
|
|a p. ;
|c cm
|
| 506 |
1 |
|
|a Contenido solo disponible en los productos indicados
|d vLex Global
|d vLex Global (Academic Edition, excluding Law Schools)
|d vLex Global (U.S. Academic Edition, Law Schools)
|d vLex Global (U.S. Academic Edition, excluding Law Schools)
|d vLex Global (Academic Edition, Law Schools)
|
| 650 |
0 |
7 |
|2 Tesauro vLex
|a Identidad genťica frente a intimidad y pruebas de paternidad
|
| 740 |
0 |
|
|a vLex Libros (Servicios en ln̕ea)
|
| 856 |
4 |
0 |
|u http://vlex.com/source/4940
|z Acceso restringido
|
| 942 |
|
|
|c BOOK
|
| 999 |
0 |
|
|a Genetics
|b Barcelona
|